| 000 | 00748nam a22002177a 4500 | ||
|---|---|---|---|
| 999 |
_c16565 _d16565 |
||
| 003 | AR-CdUCM | ||
| 008 | 190503b ||||| |||| 00| 0 spa d | ||
| 040 |
_aMUNICIPALIDAD PROVINCIAL DEL CUSCO _cBIBLIOTECA MUNICIPAL DEL CUSCO |
||
| 082 |
_29ed. _a191.7 / _bB25 |
||
| 100 |
_aBarzini, Luigi _936077 |
||
| 245 | _aLos italianos / | ||
| 260 |
_aBuenos Aires : _bAmericana, _c1966. |
||
| 300 |
_a444 paginas ; _c20 cm. |
||
| 500 | _aLos italianos | ||
| 505 | _aContenido: La invasión pacifica -- la eterna peregrinación -- el fatal encanto de italia -- la importancia del espectaculo -- la ilusión... | ||
| 650 |
_aItalianos _98746 |
||
| 650 |
_aLiteratura _983 |
||
| 650 |
_aHistoria _9136 |
||
| 942 |
_2ddc _cLIBROS |
||
| 945 |
_apjha _d2019-05-03 |
||